Romola

Novela histórica ambientada en la época del renacimiento italiano en Florencia, allí la historia gira entorno de Tito Melena, un joven erudito italino.griego, y Romola, hija de erudito florenciano, que se enamoran y casan, pero su matrimonio se ve destruido y creado tensiones ante las acciones de lo...

Fuld beskrivelse

Guardado en:
Bibliografiske detaljer
Hovedforfatter: Eliot, George
Format: Bog
Sprog:Undetermined
Udgivet: Gran BretañA Nelson and Dons [s.f.]
Fag:
Tags: Tilføj Tag
Ingen Tags, Vær først til at tagge denne postø!

MARC

LEADER 00000nam a2200000Ia 4500
008 170316s9999 xx 000 0 und d
040 |a cru BVZT 
090 |a 820 E-2r 
100 |a Eliot, George 
245 |a Romola 
260 |a Gran BretañA 
260 |b Nelson and Dons 
260 |c [s.f.] 
300 |a 576 páginas 
520 |a Novela histórica ambientada en la época del renacimiento italiano en Florencia, allí la historia gira entorno de Tito Melena, un joven erudito italino.griego, y Romola, hija de erudito florenciano, que se enamoran y casan, pero su matrimonio se ve destruido y creado tensiones ante las acciones de los personajes y la situación política de la ciudad. 
650 |a LITERATURA INGLESA  |9 12 
999 |c 6874  |d 6874 
942 |c 15 D  |h 820 E-2r  |2 z